00838nam a2200241Ia 4500003000400000005001700004008004100021020002200062040000700084041000800091082002100099100006600120245006300186260003900249300001700288365001300305650002200318650002700340906006500367942001200432999001900444952013300463OSt20230522095726.0210423s2013 xx 000 0 und d a978-81-321-0452-0 cAL aeng a338.954 NAYI223 aNAYAK (Pulin B);GOLDAR (Bishwanath);AGRAWAL (Pradeep)9109341 aIndias economy and growth: essays in honour of V K R V Rao aNew DelhibSage Publicationsc2013 axxxi,375bPB b850cINR aEconomics9109342 aIndian Economy9109343 aeconomy ; essays ; growth: ; honour ; India's ; K ; R ; Rao. 2ddccBK c165206d165206 001040708ECOaSACPGbSACPGd2014-01-06eAthulya Booksg850.00l0o338.954 NAYIpPG011704r2022-08-24 00:00:00w2021-04-26yBK